00461pab a2200145 454500008004000000100001900040245011700059260000900176300001500185362000800200650002800208650001600236700001800252773004500270180718b2001 xxu||||| |||| 00| 0 eng d aNeill, Scan P. aExplaining the adoption and disadoption of sustainable agriculture: the case of cover crops in Northern Honduras c2001 ap.793-820. aJul aSustainable agriculture aAgriculture aLee, David R. aEconomic Development and Cultural Change